| 000 | 00637nam a22001937a 4500 | ||
|---|---|---|---|
| 003 | NUST-PNEC | ||
| 005 | 20170116181119.0 | ||
| 008 | 140718b xxu||||| |||| 00| 0 eng d | ||
| 020 | _a817808757X | ||
| 040 | _cLIBRARY | ||
| 082 | _a658.4034 TAH | ||
| 100 |
_9210 _aTaha, Hanndy A. |
||
| 245 |
_aOperation research: An introduction _cHanndy A. Taha |
||
| 250 | _a7th ed. | ||
| 260 |
_aNew Delhi _bPearson Education Pvt. Ltd _cc2002 |
||
| 500 | _ahttp://www.amazon.com/OPERATIONS-RESEARCH-INTRODUCTION-H-TAHA/dp/B008YEA85Q/ref=sr_1_1?s=books&ie=UTF8&qid=1405683929&sr=1-1&keywords=9788131785942 | ||
| 650 | _xMIS | ||
| 942 |
_2ddc _cBK |
||
| 999 |
_c69487 _d69487 |
||